I rapporti degli Stati Uniti con l'Europa

Saved in:  
Bibliographic Details
Main Author: Macchi, Angelo 1923-2014 (Author)
Format: Print Article
Language:Italian
Check availability: HBZ Gateway
Interlibrary Loan:Interlibrary Loan for the Fachinformationsdienste (Specialized Information Services in Germany)
Published: 2001
In: La civiltà cattolica
Year: 2001, Volume: 152, Issue: 3622, Pages: 399-406
Standardized Subjects / Keyword chains:B USA / Europe / International policy
RelBib Classification:TK Recent history

MARC

LEADER 00000caa a22000002c 4500
001 1643494872
003 DE-627
005 20220616115105.0
007 tu
008 160405s2001 xx ||||| 00| ||ita c
035 |a (DE-627)1643494872 
035 |a (DE-576)465722032 
035 |a (DE-599)BSZ465722032 
040 |a DE-627  |b ger  |c DE-627  |e rakwb 
041 |a ita 
084 |a 1  |2 ssgn 
100 1 |0 (DE-588)1047575353  |0 (DE-627)778809382  |0 (DE-576)401369501  |4 aut  |a Macchi, Angelo  |d 1923-2014 
109 |a Macchi, Angelo 1923-2014 
245 1 2 |a I rapporti degli Stati Uniti con l'Europa 
264 1 |c 2001 
336 |a Text  |b txt  |2 rdacontent 
337 |a ohne Hilfsmittel zu benutzen  |b n  |2 rdamedia 
338 |a Band  |b nc  |2 rdacarrier 
652 |a TK 
689 0 0 |d g  |0 (DE-588)4078704-7  |0 (DE-627)106076612  |0 (DE-576)209209682  |2 gnd  |a USA 
689 0 1 |d g  |0 (DE-588)4015701-5  |0 (DE-627)104289007  |0 (DE-576)208913092  |2 gnd  |a Europa 
689 0 2 |d s  |0 (DE-588)4072885-7  |0 (DE-627)106093932  |0 (DE-576)209188553  |2 gnd  |a Internationale Politik 
689 0 |5 (DE-627) 
773 0 8 |i In  |t La civiltà cattolica  |d Roma : [Verlag nicht ermittelbar], 1850  |g 152(2001), 3622, Seite 399-406  |w (DE-627)129068314  |w (DE-600)1536-2  |w (DE-576)014399830  |x 0009-8167  |7 nnas 
773 1 8 |g volume:152  |g year:2001  |g number:3622  |g pages:399-406 
935 |a mteo 
951 |a AR 
ELC |b 1 
ITA |a 1  |t 1 
LOK |0 000 xxxxxcx a22 zn 4500 
LOK |0 001 3308765748 
LOK |0 003 DE-627 
LOK |0 004 1643494872 
LOK |0 005 20160405133228 
LOK |0 008 160404||||||||||||||||ger||||||| 
LOK |0 040   |a DE-Tue135  |c DE-627  |d DE-Tue135 
LOK |0 092   |o n 
LOK |0 852   |a DE-Tue135 
LOK |0 852 1  |9 00 
LOK |0 935   |a ixzs  |a ixmi 
LOK |0 936ln  |0 1442053887  |a TK 
LOK |0 939   |a 04-04-16  |b l01 
ORI |a SA-MARC-ixtheoa001.raw 
REL |a 1 
STA 0 0 |a Europe,Europe,Europe,The West,Occident,Northeastern Europe,International policy,International relations,USA,USA,Middle West,USA,USA,USA,USA,USA,America,Confederate States of America,Midwest 
STB 0 0 |a Europe,Politique internationale 
STC 0 0 |a Europa,Política internacional 
STD 0 0 |a Europa,Politica internazionale 
STE 0 0 |a 国际政策 
STF 0 0 |a 國際政策 
STG 0 0 |a Europa,Política internacional 
STH 0 0 |a Европа (мотив),Международная политика 
STI 0 0 |a Διεθνής πολιτική,Ευρώπη (μοτίβο) 
SUB |a REL 
SYG 0 0 |a United States,United States of America,Vereinigte Staaten,Vereinigte Staaten von Amerika , United States of America,Vereinigte Staaten von Amerika,Amerika <USA>,United States of America,Vereinigte Staaten von Amerika,Amerika <USA>,USA,USA,Nord,Nördliche Vereinigte Staaten,Nordwestamerika,USA,Nordwest,Pazifischer Nordwesten,Mittlerer Westen,USA,Middle West,Mittelwesten,Midwest,USA,Nordost,Nordöstliche Vereinigte Staaten,USA,Südost,Südöstliche Vereinigte Staaten,USA,Ost,Östliche Vereinigte Staaten,Südwestliche USA,USA,Südweststaaten,Südwestliche Vereinigte Staaten,USA,Südwest,USA,West,Westliche Vereinigte Staaten,Nordamerikanische Südstaaten,Konföderierte Staaten von Amerika,Confederate States of America,Südliche Vereinigte Staaten,Südatlantische Staaten,Südöstliche Staaten,United States of America,Vereinigte Staaten von Amerika,Nordamerika,Amerika,United States,United States of America,Etats Unis,Etats-Unis,Vereinigte Staaten,Estados Unidos de America,EEUU,Vereinigte Staaten von Nordamerika,Soedinennye Štaty Ameriki,SŠA,Stany Zjednoczone Ameryki Północnej,Hēnōmenai Politeiai tēs Boreiu Amerikēs,Hēnōmenes Politeies tēs Amerikēs,HēPA,Ēnōmenes Politeies tēs Amerikēs,ĒPA,Meiguo,Etats-Unis d'Amérique,US , Liberté,Europa III,Europe,Europäische Länder,Europäische Staaten , Abendland,Okzident , Internationale Beziehungen,Politische Beziehungen,Zwischenstaatliche Beziehungen